000 00678nam a2200289Ia 4500
005 20260324145629.0
008 008 260324s9999 xx 000 0 eng d
020 _a9781003307556
037 _aEBOOK
040 _aCRL
040 _beng
040 _cCRL
041 _2eng
041 _aeng
084 _qCRL
100 _aMaurice Wright
_91223640
245 0 _aPublic Spending Decisions
245 0 _bGrowth and Restraint in the 1970s
260 _bTaylor and Francis
260 _c1980
365 _a
365 _b150
856 _uhttp://www.taylorfrancis.com/books/9781003307556
942 _cEBOOK
999 _c1831810
_d1831810